Pentaksiran karangan bahasa Melayu

Bibliographic Details
Main Author: Hashim Othman
Format: Book
Published: Pulau-Pinang : USM , 2005
Subjects:

MARC

LEADER 00000cam a2200000 7i4500
001 0000015608
005 20080401.0
008 080401
020 |a 9838613029 
090 0 0 |a 499.2382   |b HAS 
100 0 |a Hashim Othman 
245 1 0 |a Pentaksiran karangan bahasa Melayu   |c Hashim Othman 
260 |a Pulau-Pinang :   |b USM ,   |c 2005 
650 0 |a Malay language   |x Composition and exercises 
650 0 |a Malay language   |x History and criticism 
999 |a 0001018253   |b Book   |c Adult Collection   |e Perbadanan Perpustakaan Awam Johor 
999 |a 0001018254   |b Book   |c Adult Collection   |e Cawangan Mersing 
999 |a 0001018255   |b Book   |c Adult Collection   |e Cawangan Bandar Penawar